000 00666nam a2200217Ia 4500
005 20250509135646.0
008 240825s9999 xx 000 0 und d
020 _a9781484291146
_qpbk
041 _aeng
082 _a004.6
_bHAG
100 _a Jon Duncan Hagar
245 0 _aIoT System testing An IoT Journey from Devices to Analysis and the Edge
_c/Jon Duncan Hagar
250 _areprint
260 _bApress
_c2023
_aNew York
300 _a 326 p.
_b ill.;
_c25 cm.
500 _aReprint 2023
504 _aindex
650 _a Computer security; creating and Releasing Software;
650 _aInternet of things Security measures Testing
942 _cREF
999 _c544954
_d544954